| 000 | 01503nam a2200373 a 4500 | ||
|---|---|---|---|
| 001 | ebr10627266 | ||
| 003 | CaPaEBR | ||
| 006 | m u | ||
| 007 | cr cn||||||||| | ||
| 008 | 060113s2005 enka sb 001 0 eng d | ||
| 010 | _z 2006271591 | ||
| 020 | _z0719070481 | ||
| 020 | _z9780719070488 | ||
| 020 | _z9781847794420 (e-book) | ||
| 040 |
_aCaPaEBR _cCaPaEBR |
||
| 035 | _a(OCoLC)808598698 | ||
| 043 | _aew----- | ||
| 050 | 1 | 4 |
_aJN94.A979 _bC35 2005eb |
| 082 | 0 | 4 |
_a324.24038 _222 |
| 100 | 1 | _aCarter, Elisabeth L. | |
| 245 | 1 | 4 |
_aThe extreme right in Western Europe _h[electronic resource] : _bsuccess or failure? / _cElisabeth Carter. |
| 260 |
_aManchester : _bManchester University Press ; _aNew York : _bDistributed exclusively in the USA by Palgrave, _c2005. |
||
| 300 |
_axiv, 271 p. : _bill. |
||
| 504 | _aIncludes bibliographical references and index. | ||
| 533 |
_aElectronic reproduction. _bPalo Alto, Calif. : _cebrary, _d2011. _nAvailable via World Wide Web. _nAccess may be limited to ebrary affiliated libraries. |
||
| 650 | 0 |
_aPolitical parties _zEurope, Western. |
|
| 650 | 0 |
_aConservatism _zEurope, Western. |
|
| 650 | 0 |
_aFascism _zEurope, Western. |
|
| 650 | 0 |
_aRight-wing extremists _zEurope, Western. |
|
| 651 | 0 |
_aEurope, Western _xPolitics and government. |
|
| 655 | 7 |
_aElectronic books. _2local |
|
| 710 | 2 | _aebrary, Inc. | |
| 856 | 4 | 0 |
_uhttp://site.ebrary.com/lib/rucke/Doc?id=10627266 _zAn electronic book accessible through the World Wide Web; click to view |
| 999 |
_c66743 _d66743 |
||